Statistics for Guns N'Roses Song Initials

Click here to take the quiz!

General Stats

  • This quiz has been taken 30 times
  • The average score is 10 of 19

Answer Stats

InitialsSong% Correct
WTTJWelcome to the Jungle
93%
NRNovember Rain
82%
SCOMSweet Child O'Mine
82%
KOHDKnockin' on Heaven's Door
71%
YCBMYou Could Be Mine
71%
PCParadise City
68%
RQRocket Queen
68%
MBMr. Brownstone
64%
MMMy Michelle
64%
CWCivil War
57%
DCDon't Cry
57%
ISEIt's So Easy
50%
OIAMOne in a Million
43%
CDChinese Democracy
32%
DHDead Horse
32%
DTJDouble Talkin' Jive
32%
UTLHUsed to Love Her
29%
TILThis I Love
21%
TAYThink About You
14%

Score Distribution

Percentile by Number Answered

Percent of People with Each Score

Your Score History

You have not taken this quiz